000 00515nam a2200181Ia 4500
003 OSt
005 20230526152602.0
008 210423s1996 xx 000 0 und d
040 _cAL
041 _aeng
082 _a370
_223
_bPEEM
100 _aPUR (Mohammed).
_9114910
245 _aMuslim education in india problems and prospects.
260 _aMangalore
_bKarnataka civil liberties committe
_c1996
365 _b120
_cINR
906 _aeducation ; india ; Muslim ; problems ; prospects.
942 _2ddc
_cBK
999 _c173382
_d173382